[Event "Catalunya-chT GpB final"]
[Site "Barcelona"]
[Date "2019.03.16"]
[Round "2.7"]
[White "Vinardell Cruanas, Sergi"]
[Black "Bruned Segura, Mario"]
[Result "1/2-1/2"]
[WhiteElo "2165"]
[BlackElo "2067"]
[PlyCount "39"]
[EventDate "2019.03.09"]
[EventType "team-tourn"]
[EventRounds "4"]
[EventCountry "ESP"]
[SourceTitle "EXT 2020"]
[Source "ChessBase"]
[SourceDate "2019.10.17"]
[SourceVersion "1"]
[SourceVersionDate "2019.10.17"]
[SourceQuality "1"]
[WhiteTeam "Olot"]
[BlackTeam "Lleida"]
[WhiteTeamCountry "ESP"]
[BlackTeamCountry "ESP"]

1. e4 Nf6 2. e5 Nd5 3. d4 d6 4. Nf3 Bg4 5. Be2 e6 6. 0-0 Nc6 7. c4 Nb6 8. exd6 cxd6 9. b3 Be7 10. Nc3 0-0 11. h3 Bxf3 12. Bxf3 d5 13. c5 Nc8 14. Rb1 Bf6 15. Be3 Qa5 16. Qd3 b6 17. cxb6 Nxb6 18. a4 Rfc8 19. Na2 Nd7 20. Rfc1 1/2-1/2

[Event "Catalunya-chT Gp2"]
[Site "Barcelona"]
[Date "2019.03.02"]
[Round "7.4"]
[White "Jimenez Ruano, Adrian"]
[Black "Vinardell Cruanas, Sergi"]
[Result "1-0"]
[WhiteElo "2248"]
[BlackElo "2165"]
[PlyCount "99"]
[EventDate "2019.01.19"]
[EventType "team-tourn"]
[EventRounds "7"]
[EventCountry "ESP"]
[SourceTitle "CBM 189 Extra"]
[Source "ChessBase"]
[SourceDate "2019.06.03"]
[SourceVersion "1"]
[SourceVersionDate "2019.06.03"]
[SourceQuality "1"]
[WhiteTeam "Barcelona Escacs CC"]
[BlackTeam "Olot"]
[WhiteTeamCountry "ESP"]
[BlackTeamCountry "ESP"]

1. d4 Nf6 2. c4 c5 3. d5 e6 4. Nc3 exd5 5. cxd5 d6 6. e4 g6 7. h3 Bg7 8. Nf3 0-0 9. Bd3 a6 10. a4 Nh5 11. 0-0 Nd7 12. Bg5 Bf6 13. Be3 Ne5 14. Be2 Nxf3+ 15. Bxf3 Ng7 16. Qd2 Rb8 17. a5 b5 18. axb6 Qxb6 19. Ra2 Ne8 20. Bh6 Bg7 21. Rfa1 Nc7 22. Bxg7 Kxg7 23. e5 Nb5 24. Na4 Qd8 25. exd6 Qxd6 26. Rc1 Nd4 27. Nxc5 Nxf3+ 28. gxf3 Rd8 29. Qd4+ Qf6 30. Qxf6+ Kxf6 31. Rd1 Rb5 32. Ne4+ Kg7 33. Nc3 Rb4 34. Rd2 Bxh3 35. Rxa6 h5 36. Ra4 Rxa4 37. Nxa4 Kf6 38. Nc3 Bc8 39. Rd4 Ke5 40. Re4+ Kd6 41. Rc4 Bf5 42. Rc6+ Ke5 43. b4 Kf4 44. Ra6 Rc8 45. Ra3 h4 46. b5 h3 47. b6 Kxf3 48. b7 Re8 49. Ne4+ Kf4 50. Ra8 1-0

[Event "Catalunya-chT Gp2"]
[Site "Barcelona"]
[Date "2019.02.09"]
[Round "4.6"]
[White "Vinardell Cruanas, Sergi"]
[Black "Gomez Anadon, Daniel"]
[Result "0-1"]
[WhiteElo "2165"]
[BlackElo "2271"]
[PlyCount "66"]
[EventDate "2019.01.19"]
[EventType "team-tourn"]
[EventRounds "7"]
[EventCountry "ESP"]
[SourceTitle "CBM 188 Extra"]
[Source "ChessBase"]
[SourceDate "2019.02.26"]
[SourceVersion "1"]
[SourceVersionDate "2019.02.26"]
[SourceQuality "1"]
[WhiteTeam "Olot"]
[BlackTeam "Andorra"]
[WhiteTeamCountry "ESP"]
[BlackTeamCountry "AND"]

1. e4 c5 2. Nf3 d6 3. d4 Nf6 4. Nc3 cxd4 5. Nxd4 a6 6. Bc4 e6 7. 0-0 Be7 8. Bb3 b5 9. Qf3 Qb6 10. Be3 Qb7 11. Qg3 Nbd7 12. f3 b4 13. Na4 0-0 14. Rfd1 Nc5 15. Nxc5 dxc5 16. Ne2 Bd7 17. e5 Ne8 18. a4 bxa3 19. bxa3 Bb5 20. c4 Bc6 21. Bc2 Qb2 22. Bd3 Qb8 23. Rab1 Qc7 24. Nc3 f5 25. f4 Rd8 26. Be2 Rxd1+ 27. Bxd1 Qa5 28. Bd2 Qd8 29. Qf2 Nc7 30. Ba4 Ba8 31. Be3 Qd3 32. Qd2 Rd8 33. Nd5 Qxb1+ 0-1

[Event "Catalunya-chT Gp1"]
[Site "Barcelona"]
[Date "2018.02.24"]
[Round "6.7"]
[White "Vinardell Cruanas, Sergi"]
[Black "Bruned Segura, Mario"]
[Result "1/2-1/2"]
[WhiteElo "2171"]
[BlackElo "2090"]
[PlyCount "101"]
[EventDate "2018.01.20"]
[EventType "team-tourn"]
[EventRounds "7"]
[EventCountry "ESP"]
[SourceTitle "EXT 2019"]
[Source "ChessBase"]
[SourceDate "2018.10.10"]
[SourceVersion "1"]
[SourceVersionDate "2018.10.10"]
[SourceQuality "1"]
[WhiteTeam "Olot"]
[BlackTeam "Lleida"]
[WhiteTeamCountry "ESP"]
[BlackTeamCountry "ESP"]

1. e4 c6 2. d4 d5 3. Nc3 dxe4 4. Nxe4 Nd7 5. Nf3 Ngf6 6. Ng3 e6 7. Bd3 c5 8. 0-0 Be7 9. dxc5 Nxc5 10. Bb5+ Bd7 11. Qe2 Bxb5 12. Qxb5+ Qd7 13. Qe2 Qc7 14. b3 0-0 15. Bb2 Ncd7 16. c4 Rfd8 17. Rfd1 Nf8 18. Ne4 Ng6 19. Nxf6+ Bxf6 20. Bxf6 gxf6 21. g3 Ne5 22. Nxe5 Qxe5 23. Qg4+ Kf8 24. Qf3 Rab8 25. Rab1 Ke7 26. Rxd8 Kxd8 27. Qd3+ Ke7 28. Rd1 f5 29. Qd7+ Kf6 30. Qd2 Kg6 31. h4 f6 32. Re1 Rd8 33. Qb4 Qd6 34. Qxb7 Rd7 35. Qf3 h5 36. Kh2 e5 37. Qe3 Qc6 38. Rc1 Rd4 39. Rc3 f4 40. Qe2 a5 41. Rd3 Qd6 42. Rxd4 Qxd4 43. Qf3 fxg3+ 44. Qxg3+ Kf7 45. a4 f5 46. Kg2 f4 47. Qg5 Qe4+ 48. Kh2 Qe2 49. Kg2 Qg4+ 50. Kh2 Qe2 51. Kg2 1/2-1/2

[Event "Catalunya-chT Gp1"]
[Site "Barcelona"]
[Date "2018.02.03"]
[Round "3.7"]
[White "Vinardell Cruanas, Sergi"]
[Black "Leiro Giralt, Daniel"]
[Result "1/2-1/2"]
[WhiteElo "2171"]
[BlackElo "2164"]
[PlyCount "30"]
[EventDate "2018.01.20"]
[EventType "team-tourn"]
[EventRounds "7"]
[EventCountry "ESP"]
[SourceTitle "CBM 182 Extra"]
[Source "ChessBase"]
[SourceDate "2018.02.23"]
[SourceVersion "1"]
[SourceVersionDate "2018.02.23"]
[SourceQuality "1"]
[WhiteTeam "Olot"]
[BlackTeam "Tres Peons"]
[WhiteTeamCountry "ESP"]
[BlackTeamCountry "ESP"]

1. e4 e5 2. Nf3 Nf6 3. Nxe5 d6 4. Nf3 Nxe4 5. d4 d5 6. Bd3 Nc6 7. 0-0 Bg4 8. Re1 f5 9. c4 Bb4 10. Nc3 0-0 11. cxd5 Bxf3 12. Qxf3 Nxd4 13. Qe3 Nxc3 14. Qxd4 Nxd5 15. Rd1 c6 1/2-1/2

[Event "Figueres op Rapid"]
[Site "Figueres"]
[Date "2015.08.09"]
[Round "6.4"]
[White "Saurina Suner, Francesc Xavier"]
[Black "Vinardell Cruanas, Sergi"]
[Result "1-0"]
[WhiteElo "2133"]
[BlackElo "2291"]
[PlyCount "61"]
[EventDate "2015.08.09"]
[EventType "swiss (rapid)"]
[EventRounds "9"]
[EventCountry "ESP"]
[SourceTitle "EXT 2024"]
[Source "ChessBase"]
[SourceDate "2023.10.10"]
[SourceVersion "1"]
[SourceVersionDate "2023.10.10"]
[SourceQuality "1"]

1. e4 c5 2. Nc3 d6 3. Bb5+ Bd7 4. a4 g6 5. f4 Bg7 6. Nf3 Nf6 7. 0-0 0-0 8. d3 a6 9. Bxd7 Nfxd7 10. Bd2 Nc6 11. b3 Rb8 12. Rb1 b5 13. axb5 axb5 14. g4 Nd4 15. Ne2 f5 16. gxf5 gxf5 17. c3 Nxe2+ 18. Qxe2 Qe8 19. Rf2 Qh5 20. Rg2 Kh8 21. Rg5 Qe8 22. exf5 Bf6 23. Rg3 Rg8 24. Ng5 Ra8 25. Qe6 Rg7 26. Re1 Ra2 27. Re2 Ra1+ 28. Kf2 Rh1 29. Nf3 Rxg3 30. hxg3 Nb6 31. Qxf6+ 1-0

[Event "Figueres op Rapid"]
[Site "Figueres"]
[Date "2015.08.09"]
[Round "1.5"]
[White "Vinardell Cruanas, Sergi"]
[Black "Castella Margarit, Joan Enric"]
[Result "1-0"]
[WhiteElo "2291"]
[BlackElo "1886"]
[PlyCount "47"]
[EventDate "2015.08.09"]
[EventType "swiss (rapid)"]
[EventRounds "9"]
[EventCountry "ESP"]
[SourceTitle "EXT 2024"]
[Source "ChessBase"]
[SourceDate "2023.10.10"]
[SourceVersion "1"]
[SourceVersionDate "2023.10.10"]
[SourceQuality "1"]

1. e4 c5 2. Nf3 Nc6 3. d4 cxd4 4. Nxd4 Nf6 5. Nc3 d6 6. Bc4 e6 7. Bb3 Be7 8. 0-0 0-0 9. Be3 Na5 10. f4 Nxb3 11. axb3 a6 12. Qf3 Qc7 13. Rfe1 Bd7 14. Bf2 Rad8 15. Kh1 Rfe8 16. e5 dxe5 17. fxe5 Nd5 18. Nxd5 exd5 19. Nf5 Qxc2 20. Nxe7+ Rxe7 21. Bh4 f6 22. exf6 Rxe1+ 23. Rxe1 gxf6 24. Bxf6 1-0

[Event "Figueres op 15th"]
[Site "Figueres"]
[Date "2014.08.13"]
[Round "3"]
[White "Vinardell Cruanas, Sergi"]
[Black "Fernandez Garcia, Francesc"]
[Result "1/2-1/2"]
[WhiteElo "2167"]
[BlackElo "2070"]
[PlyCount "80"]
[EventDate "2014.08.11"]
[EventType "swiss"]
[EventRounds "9"]
[EventCountry "ESP"]
[SourceTitle "CBM 162 Extra"]
[Source "ChessBase"]
[SourceDate "2014.10.17"]
[SourceVersion "1"]
[SourceVersionDate "2014.10.17"]
[SourceQuality "1"]

1. e4 c5 2. Nf3 g6 3. d4 cxd4 4. Nxd4 Nc6 5. Nc3 Bg7 6. Be3 Nf6 7. Bc4 0-0 8. Bb3 a5 9. 0-0 d6 10. f3 Nd7 11. Qd2 Nxd4 12. Bxd4 Nc5 13. Rfd1 Bxd4+ 14. Qxd4 Be6 15. Bxe6 Nxe6 16. Qe3 Qb8 17. a4 Qa7 18. Qxa7 Rxa7 19. Nd5 Re8 20. c3 Nc5 21. Re1 Kf8 22. Re3 Rc8 23. e5 e6 24. Nf6 dxe5 25. Rxe5 Ke7 26. Ne4 b6 27. Nxc5 bxc5 28. Rd1 Rd7 29. Rxd7+ Kxd7 30. Re2 Rc6 31. Kf2 Rd6 32. Ke3 Kc6 33. b3 Rd5 34. Rd2 f6 35. Rd3 e5 36. Ke4 f5+ 37. Ke3 Rxd3+ 38. Kxd3 Kd5 39. Ke3 Kd6 40. Kd3 Kd5 1/2-1/2

[Event "Figueres op 13th"]
[Site "Figueres"]
[Date "2012.08.12"]
[Round "4"]
[White "Vinardell Cruanas, Sergi"]
[Black "Banos, Oscar Francisco"]
[Result "1-0"]
[WhiteElo "2124"]
[BlackElo "2240"]
[PlyCount "57"]
[EventDate "2012.08.09"]
[EventType "swiss"]
[EventRounds "9"]
[EventCountry "ESP"]
[SourceTitle "CBM 149 Extra"]
[Source "ChessBase"]
[SourceDate "2012.08.24"]
[SourceVersion "1"]
[SourceVersionDate "2012.08.24"]
[SourceQuality "1"]

1. e4 e6 2. d4 d5 3. Nc3 Bb4 4. e5 c5 5. a3 Bxc3+ 6. bxc3 Qa5 7. Bd2 Qa4 8. Qb1 c4 9. Nh3 Nc6 10. Nf4 Bd7 11. g3 0-0-0 12. Bh3 h5 13. Bg2 Nge7 14. h4 f6 15. exf6 gxf6 16. 0-0 Qa5 17. Qd1 e5 18. Nxh5 Rdf8 19. dxe5 fxe5 20. Bg5 Qxc3 21. Nf6 Bf5 22. Nxd5 Nxd5 23. Qxd5 Qd4 24. c3 Qg4 25. Qb5 e4 26. Rab1 Rh7 27. Qxc4 Rc7 28. Bf4 Rd7 29. Rxb7 1-0

[Event "Figueres op 12th"]
[Site "Figueres"]
[Date "2011.08.11"]
[Round "1"]
[White "Vinardell Cruanas, Sergi"]
[Black "Perez Mondejar, Adler"]
[Result "1-0"]
[WhiteElo "2061"]
[BlackElo "1348"]
[PlyCount "53"]
[EventDate "2011.08.11"]
[EventType "swiss"]
[EventRounds "9"]
[EventCountry "ESP"]
[SourceTitle "CBM 143 Extra"]
[Source "ChessBase"]
[SourceDate "2011.08.29"]
[SourceVersion "1"]
[SourceVersionDate "2011.08.29"]
[SourceQuality "1"]

1. e4 c5 2. Nf3 d6 3. d4 cxd4 4. Nxd4 Nf6 5. Nc3 a6 6. Bc4 e6 7. 0-0 b5 8. Bb3 b4 9. Na4 Nxe4 10. Re1 Nf6 11. Bg5 Be7 12. Nf5 exf5 13. Bxf6 gxf6 14. Qd5 Ra7 15. Qxf7+ Kd7 16. Nb6+ Kc6 17. Nxc8 Qxc8 18. Rxe7 Rxe7 19. Qxe7 Qf8 20. Qe6 f4 21. c3 bxc3 22. Rc1 Kc7 23. Rxc3+ Kb6 24. Qc4 Qd8 25. Qb4+ Ka7 26. Qd4+ Qb6 27. Rc7+ 1-0